<?xml version="1.0" encoding="UTF-8"?>
<record
    xmlns:xsi="http://www.w3.org/2001/XMLSchema-instance"
    xsi:schemaLocation="http://www.loc.gov/MARC21/slim http://www.loc.gov/standards/marcxml/schema/MARC21slim.xsd"
    xmlns="http://www.loc.gov/MARC21/slim">

  <leader>01669nam a2200289 u 4500</leader>
  <controlfield tag="001"> </controlfield>
  <controlfield tag="003">DO-SdBNP</controlfield>
  <controlfield tag="005">20220822121300.0</controlfield>
  <controlfield tag="008">090706s1997    dr a    r     001 0 spa d</controlfield>
  <datafield tag="040" ind1=" " ind2=" ">
    <subfield code="a">DO-SdBNP</subfield>
    <subfield code="b">spa</subfield>
    <subfield code="c">BPMSU </subfield>
  </datafield>
  <datafield tag="082" ind1=" " ind2="4">
    <subfield code="a">304.2</subfield>
    <subfield code="b">M385b 1997</subfield>
    <subfield code="2">22</subfield>
  </datafield>
  <datafield tag="100" ind1="1" ind2=" ">
    <subfield code="a">Mart&#xED;nez, Eleuterio</subfield>
    <subfield code="d">1954-</subfield>
  </datafield>
  <datafield tag="245" ind1="1" ind2="0">
    <subfield code="a">Biodiversidad :</subfield>
    <subfield code="b">suma total de la vida /</subfield>
    <subfield code="c">Eleuterio Mart&#xED;nez.</subfield>
  </datafield>
  <datafield tag="260" ind1=" " ind2=" ">
    <subfield code="a">Santo Domingo :</subfield>
    <subfield code="b">Banco de Reservas de la Rep&#xFA;blica Dominicana,</subfield>
    <subfield code="c">1997.</subfield>
  </datafield>
  <datafield tag="300" ind1=" " ind2=" ">
    <subfield code="a">2 v. ;</subfield>
    <subfield code="c">24 cm.</subfield>
    <subfield code="b"> </subfield>
  </datafield>
  <datafield tag="490" ind1="0" ind2=" ">
    <subfield code="a">Banreservas ;</subfield>
    <subfield code="a">Ciencia,</subfield>
    <subfield code="v">2</subfield>
  </datafield>
  <datafield tag="500" ind1=" " ind2=" ">
    <subfield code="a">Incluye referencia bibliogr&#xE1;ficas y notas al pie de la p&#xE1;ginas </subfield>
  </datafield>
  <datafield tag="500" ind1=" " ind2=" ">
    <subfield code="a">Incluye datos biogr&#xE1;ficos del autor en la solapa de la cubierta </subfield>
  </datafield>
  <datafield tag="505" ind1="0" ind2=" ">
    <subfield code="a">Vol. 1. Presentaci&#xF3;n 15 -- Agradecimientos 19 -- Palabras preliminares 21 -- La esencia de la vida 25 -- La expresi&#xF3;n de la vida 121 -- El hombre de cara a la vida 201 -- Bibliograf&#xED;a 335 -- &#xCD;ndices de figuras, de cuadros y de citas 339 -- &#xCD;ndice de materias 341 -- Vol. 2. Presentaci&#xF3;n 15 -- La diversidad de la vida 17 -- La base de la vida 25 -- Los reinos de la vida 37 -- Las relaciones primarias: naturaleza-naturaleza 49 -- Las relaciones intermedias/verticales: naturaleza-organismo 59 -- Las relaciones secundarias: organismo-organismo 75 -- Naturaleza: cooperaci&#xF3;n y competencia 99 -- Ecolog&#xED;a humana 111 -- &#xC9;tica conservacionista 131 -- Glosario 157 -- Conferencia mundial de educaci&#xF3;n ambiental 167</subfield>
  </datafield>
  <datafield tag="590" ind1=" " ind2=" ">
    <subfield code="a">Inventariado, 2022/VM</subfield>
  </datafield>
  <datafield tag="650" ind1=" " ind2="4">
    <subfield code="a">Biodiversidad</subfield>
  </datafield>
  <datafield tag="650" ind1=" " ind2="4">
    <subfield code="a">Medio ambiente</subfield>
  </datafield>
  <datafield tag="650" ind1=" " ind2="4">
    <subfield code="a">Ecolog&#xED;a</subfield>
  </datafield>
  <datafield tag="650" ind1=" " ind2="4">
    <subfield code="a">Hombres</subfield>
    <subfield code="x">Influencia sobre la naturaleza.</subfield>
  </datafield>
  <datafield tag="910" ind1=" " ind2=" ">
    <subfield code="a">VMateo V. </subfield>
  </datafield>
  <datafield tag="942" ind1=" " ind2=" ">
    <subfield code="2">ddc</subfield>
    <subfield code="c">BK</subfield>
  </datafield>
  <datafield tag="952" ind1=" " ind2=" ">
    <subfield code="0">0</subfield>
    <subfield code="1">0</subfield>
    <subfield code="2">ddc</subfield>
    <subfield code="4">0</subfield>
    <subfield code="7">0</subfield>
    <subfield code="8">CD</subfield>
    <subfield code="a">BPMET</subfield>
    <subfield code="b">BPMET</subfield>
    <subfield code="d">2022-08-22</subfield>
    <subfield code="e">Lourdes Delgado </subfield>
    <subfield code="l">0</subfield>
    <subfield code="o">BPMSU CD 304.2 M385b 1997</subfield>
    <subfield code="p">BPMSU22080012</subfield>
    <subfield code="r">2022-08-22</subfield>
    <subfield code="t">v.1</subfield>
    <subfield code="w">2022-08-22</subfield>
    <subfield code="y">BK</subfield>
  </datafield>
  <datafield tag="952" ind1=" " ind2=" ">
    <subfield code="0">0</subfield>
    <subfield code="1">0</subfield>
    <subfield code="2">ddc</subfield>
    <subfield code="4">0</subfield>
    <subfield code="7">0</subfield>
    <subfield code="8">CD</subfield>
    <subfield code="a">BPMET</subfield>
    <subfield code="b">BPMET</subfield>
    <subfield code="d">2022-08-22</subfield>
    <subfield code="e">Lourdes Delgado </subfield>
    <subfield code="l">0</subfield>
    <subfield code="o">BPMSU CD 304.2 M385b 1997</subfield>
    <subfield code="p">BPMSU22080013</subfield>
    <subfield code="r">2022-08-22</subfield>
    <subfield code="t">v.1, e.2</subfield>
    <subfield code="w">2022-08-22</subfield>
    <subfield code="y">BK</subfield>
  </datafield>
  <datafield tag="999" ind1=" " ind2=" ">
    <subfield code="c">14237</subfield>
    <subfield code="d">14237</subfield>
  </datafield>
</record>
